| 000 | 00451nam a2200145Ia 4500 | ||
|---|---|---|---|
| 008 | 220204s9999 xx 000 0 und d | ||
| 082 |
_a581(035) _bGRA |
||
| 100 | _aGRAY, Asa | ||
| 245 | 0 | _aGray's manual of botany: A handbook of the flowering plants and ferns of the central and northeastern United States and adjacent Canada. | |
| 250 | _aEd.8 | ||
| 260 |
_aNew York _bAmerican Book Co _c1950 |
||
| 650 | _aBotany | ||
| 650 | _aFlora | ||
| 942 | _cBK | ||
| 999 |
_c20560 _d20560 |
||